000 01069nam a22003137a 4500
003 CHAP
005 20220817042643.0
008 971013s1980 at r 00010 eng d
010 _a51156
011 _a52128
035 _a56278
040 _cCHAP
090 _aFolleto 11614
100 0 0 _aWalker, P. A.
_9120887
245 1 _aDesing criteria for a geographic information system
260 _aCamberra :
_bCommonwealth Scientific and Industrial Research Organization. Division of Land Use Research,
_c1980
300 _a5 h.
490 0 _aDocumento de trabajo
_v; 80/2
590 _aBATCH-UPD
_b10
_c20130110
_lUCH01
_h1446
590 _aBATCH-UPD
_b10
_c20130410
_lUCH01
_h0915
590 _aBATCH-UPD
_b10
_c20130914
_lUCH01
_h1212
590 _aCONVERSION
_b10
_c20130109
_lUCH01
_h1328
650 1 4 _aProcesamiento automático de datos en geografía.
_991783
650 1 4 _aSistemas de Información Geográfica.
830 0 _aDocumento de trabajo
_v; 80/2
_933227
901 _aBK
942 _cFOLL
949 _aFolleto 11614
_bBC
_cFOLL
_d-123002
_eTS1
_i56278
_mD
_si
999 _c51156
_d51156